000 01222nam0a22003011 4500
001 rc\156465
005 20260405120040.0
010 _a5-10-002670-7
_91040
035 _a(NLR Aleph) 005423217
090 _a7498278
_c7498278
100 _a20030307d1995 |||y0rusy50 ca
101 0 _arus
102 _aRU
105 _aa |||||||||
200 1 _aБиологические основы интенсивного пчеловодства
_fА.Н. Мельниченко, Р.Б. Козин, Ю.И. Макаров
_gПод ред. А.Н. Мельниченко
_g[Рос. акад. с.-х. наук]
210 _aМ.
_cКолос
_d1995
215 _a202, [2] c.
_cил.
_d21
225 1 _aНаучные труды РАСХН
320 _aБиблиогр.: с. 198-203
700 1 _aМельниченко
_bА.Н.
_gАндрей Николаевич
701 1 _aКозин
_bР.Б.
_gРоберт Борисович
701 1 _8rus
_7ca
_aМакаров
_bЮ. И.
_cд-р с.-х. наук, пчеловодство
_f1938-2015
_gЮрий Иванович
_3RU\NLR\AUTH\7746316
_929251
801 0 _aRU
_bNLR
_gpsbo
801 1 _aRU
_bELAR
_2rusmarc
852 _aNLR
_j95-3/6816
942 _cBOOK
980 _aNB